00934nam a2200205 i 4500001000700000003000900007005001700016007000300033008004100036100004500077245022700122260004900349300002200398650006000420700004000480710003500520852003200555999001900587952012200606127680ES-MaACL20250418063156.0t|070214s1965 sp r ||||1| spa d1 aRiquer, Martín de, d1914-2013924006110aVida caballeresca en la España del siglo XV b: discurso leído el día 16 de mayo de 1965 en su recepción pública / cpor el Excmo. Sr. Don Martín de Riquer ; y contestación del Excmo. Sr. Don Dámaso Alonso. aMadrid : bReal Academia Española, c1965. a143 p. ; c22 cm.04aCaballeros y caballería-zEspaña-vHistoria.9106561 aAlonso, Dámaso,d1898-19909201952 aReal Academia Española96336 aES-MaACLjC-27353 bR.56384 c127680d127680 00104070aATENEOMbATENEOMcDEPO2d2008-01-17eSCl0oC-27353p1132986r2023-02-23 00:00:00w2023-02-23yMONOGRAFIA